Bulhari pripravili svoje dni

Bibliographic Details
Main Author: (oli) (Author)
Corporate Author: Kultúrny zväz Bulharov a ich priateľov na Slovensku (Author)
Format: Article
Language:Slovak
Subjects:

MARC

LEADER 00000nab a2200000 a 4500
001 vtls000897613
003 SK-MaSNL
005 20260302174652.0
008 040720e19980516xo 0 slo
035 |a KE6636 
040 |a KEVKJB  |b slo  |c KEVKJB  |e AACR2 
041 0 |a slo 
044 |a xo  |c SK 
080 |a 061.2  |2 1981 
080 |a 323.1(497.2)  |2 1981 
100 0 |a (oli)  |4 aut  |9 884823 
245 1 0 |a Bulhari pripravili svoje dni 
518 |a 19.5.-24.5.1998 
610 2 7 |a Kultúrny zväz Bulharov a ich priateľov na Slovensku  |2 KEVKJB  |9 30079 
611 1 7 |a Dni bulharskej kultúry  |2 KEVKJB  |9 879641 
650 0 7 |a národnostné menšiny  |2 KEVKJB  |9 2669 
650 0 7 |a Bulhari  |2 KEVKJB  |9 29679 
650 0 7 |a programy pripravované  |2 KEVKJB  |9 884824 
651 7 |a Košice (Slovensko)  |2 KEVKJB  |9 18694 
651 7 |a KE,  |2 KEVKJB  |9 877256 
651 7 |a KE,  |2 KEVKJB  |9 877256 
655 7 |a periodikum  |2 snkbucl  |9 29553 
710 2 |a Kultúrny zväz Bulharov a ich priateľov na Slovensku  |4 aut  |9 30079 
773 0 8 |t Korzár  |g Roč. 1, č.78, 16.5.1998, s. 3 
852 |a ZVYKNI  |b KIS3GCP 
999 |c 1404728  |d 1406658